Language Quiz

Random Language Quiz
Score 0/10 Timer 05:00
0 Plays Today
# Pronominal Verb % Correct
1se téléphoner
100%
2se parler
100%
8se rire
100%
4s'écrire (ecrit)
83.3%
5se mentir
83.3%
7se sourire
83.3%
9se ressembler
83.3%
10s'envoyer
83.3%
3se dire (dit)
75%
6se plaire
75%

You're not logged in!

Compare scores with friends on all Sporcle quizzes.
OR
Log In

Sporcle TV

Today on Sporcle TV


Watch our educational content, quiz creation guides, and fun videos on Sporcle TV.

Show Comments

Extras

Created Sep 19, 2019ReportNominate
Tags:avoir, compose, Exception, Verb

Top Quizzes Today


Score Distribution

Paid Content

Your Account Isn't Verified!

In order to create a playlist on Sporcle, you need to verify the email address you used during registration. Go to your Sporcle Settings to finish the process.

Report this User

Report this user for behavior that violates our Community Guidelines.

Details: